000 00241nam a2200097Ia 4500
001 711359
005 20250826162806.0
008 250824s9999 xx 000 0 und d
245 0 _aYENİ GÜN YENİ UMUT
_cMEHMET FİDAN
260 _bATLIKARINCA
999 _c711359
_d711359